| 000 | 00570nam a2200181Ia 4500 | ||
|---|---|---|---|
| 003 | IN-BaIIA | ||
| 008 | 211028s9999 xx 000 0 eng d | ||
| 040 | _cIIA Library | ||
| 080 |
_a081:53 _bGIB |
||
| 100 |
_aGibbs, Willard J. _94642 |
||
| 245 | 4 |
_aThe scientific papers of J.Willard Gibbs _bvol. 1, thermodynamics _cWillard J. Gibbs |
|
| 260 |
_aNew York _bDover Publications _c1961 |
||
| 300 | _axxvi, 434p. | ||
| 650 | _aAstronomy and Astrophysics thesaurus | ||
| 650 |
_aCollected orks-J. W Gibbs _94643 |
||
| 650 |
_aJ. W Gibbs Collected works _94644 |
||
| 942 | _cBK | ||
| 999 |
_c2617 _d2617 |
||